| 000 | 00723nam a2200229Ia 4500 | ||
|---|---|---|---|
| 003 | OSt | ||
| 005 | 20230802150059.0 | ||
| 008 | 210716s1983 xx 000 0 und d | ||
| 020 | _a861611128 | ||
| 040 | _cAIMIT LIBRARY | ||
| 041 | _aeng | ||
| 082 |
_a005.101 _21 _bWEBD |
||
| 100 |
_aWebb, David. _9129146 |
||
| 245 |
_aSuper charge your spectrum / _cBy David Webb. |
||
| 250 | _a1st ed. | ||
| 260 |
_aUSA : _c1983. _bMelbourne House Publishers , |
||
| 300 |
_a182p. ; _bPB _c21 cm. |
||
| 650 |
_aRoutines for the attributes _9129147 |
||
| 650 |
_aRoutines for the text and graphics _9129148 |
||
| 650 |
_aComplete and detailed breakdown of useful system variables _9129149 |
||
| 942 |
_2ddc _cBK _e1st ed. _k005.101 WEBD |
||
| 999 |
_c180678 _d180678 |
||